000 00774nam a2200229Ia 4500
003 GCL
008 140319s9999 xx 000 0 ara d
040 _aGCL /
_cGCL
082 0 4 _a613.7176
_bم م
100 1 _aمحمد عبدالله الخازم
245 1 0 _aالمشى فى الصحة والمرض /
_cمحمد عبدالله الخازم
700 1 _aصالح عبدالله العريض
250 _aالاولى
260 _aالرياض :
_bمركز الامير سلمان الاجتماعى ،
_c1997
300 _a97 ص ؛
_c24 سم
650 0 4 _aالصحة العامة
650 0 4 _aالمشى
650 0 4 _aاللياقة البدنية
650 0 4 _aالصحة الشخصية
650 0 4 _aالمشى - لياقة بدنية
942 _2ddc
_cBK
999 _c6983
_d6983